书目信息 |
| 题名: |
村级经济责任审计指南
|
|
| 作者: | 王连申 主编 ;聊城市审计局 编 | |
| 分册: | ||
| 出版信息: | 北京 中国时代经济出版社 2017.01 |
|
| 页数: | 195页 | |
| 开本: | 23cm | |
| 丛书名: | ||
| 单 册: | ||
| 中图分类: | F239.47-62 , F239.47 | |
| 科图分类: | ||
| 主题词: | 农村--nong cun--经济责任审计--聊城--指南 | |
| 电子资源: | ||
| ISBN: | 978-7-5119-2639-5 | |
| 000 | 00999nam0 2200253 450 | |
| 001 | 2339542711 | |
| 005 | 20231109171455.52 | |
| 010 | @a978-7-5119-2639-5@dCNY36.00 | |
| 100 | @a20170407d2016 em y0chiy50 ea | |
| 101 | 0 | @achi |
| 102 | @aCN@b110000 | |
| 105 | @ay z 000yy | |
| 200 | 1 | @a村级经济责任审计指南@Acun ji jing ji ze ren shen ji zhi nan@f聊城市审计局编 |
| 210 | @a北京@c中国时代经济出版社@d2017.01 | |
| 215 | @a195页@d23cm | |
| 314 | @a书内题: 王连申主编 | |
| 330 | @a本书是聊城市审计局对村级经济责任审计制度的探索。包括制度总则、审计对象、组织领导、审计计划、审计内容和评价、责任界定、审计报告、审计结果运用、常见问题及审计定性和处理等方面。可为地市级审计机关村级经济责任审计制度的摸索提供参考和借鉴。 | |
| 606 | 0 | @a农村@Anong cun@x经济责任审计@y聊城@j指南 |
| 690 | @aF239.47-62@v5 | |
| 690 | @aF239.47@v4 | |
| 701 | 0 | @a王连申@Awang lian shen@4主编 |
| 712 | 02 | @a聊城市审计局@Aliao cheng shi shen ji ju@4编 |
| 801 | 0 | @aCN@b山东中教@c20230928 |
| 905 | @aBZT@dF239.47@e2 | |
| 村级经济责任审计指南/聊城市审计局编.-北京:中国时代经济出版社,2017.01 |
| 195页;23cm |
| ISBN 978-7-5119-2639-5:CNY36.00 |
| 本书是聊城市审计局对村级经济责任审计制度的探索。包括制度总则、审计对象、组织领导、审计计划、审计内容和评价、责任界定、审计报告、审计结果运用、常见问题及审计定性和处理等方面。可为地市级审计机关村级经济责任审计制度的摸索提供参考和借鉴。 |
| ● |
| 相关链接 |
|
|
|
正题名:村级经济责任审计指南
索取号:F239.47/2
 
预约/预借
| 序号 | 登录号 | 条形码 | 馆藏地/架位号 | 状态 | 备注 |
| 1 | 2000972567 | 2000972567 | 第四书库/四5架B面1层3列/ [索取号:F239.47/2] | 在馆 | |
| 2 | 2000972568 | 2000972568 | 第四书库/四5架B面1层3列/ [索取号:F239.47/2] | 在馆 | |
| 3 | 2000972569 | 2000972569 | 第四书库/四5架B面1层3列/ [索取号:F239.47/2] | 在馆 | |
| 4 | 2000972570 | 2000972570 | 第四书库/四5架B面1层3列/ [索取号:F239.47/2] | 在馆 | |
| 5 | 2000972571 | 2000972571 | 第四书库/四5架B面1层3列/ [索取号:F239.47/2] | 在馆 | |
| 6 | 2000972572 | 2000972572 | 第四书库/四5架B面1层3列/ [索取号:F239.47/2] | 在馆 |